| 000 | 00000nam##2200000za#4500 |
| 001 | 9.681205 |
| 003 | CaOODSP |
| 005 | 20200421163644 |
| 007 | ta |
| 008 | 150407|2000||||xxc||||| f|0| 0 fre|d |
| 020 | |a0-660-96387-6 |
| 040 | |aCaOODSP|bfre |
| 043 | |an-cn--- |
| 086 | 1 |aNH15-365/2000F |
| 110 | 2 |aSociété canadienne d'hypothèques et de logement. |
| 245 | 10|aGuide d'inspection pour le propriétaire-occupant / |cÉtabli par Ted Kesik. |
| 260 | |aOttawa - Ontario : |bSociété canadienne d'hypothèques et de logement |c2000. |
| 300 | |a107p. : |bill., tableaux ; |c28 cm. |
| 500 | |aDonnées de catalogage avant publication (Canada) imprimées sur cette publication. |
| 563 | |aCouverture souple |
| 590 | |a01-06|b2001-02-09 |
| 691 | 07|aRénovation domiciliaire|2gcpds |
| 691 | 07|aLogement|2gcpds |
| 691 | 07|aConservation de l'énergie|2gcpds |
| 691 | 07|aEntretien|2gcpds |
| 720 | 1 |aKesik, Ted |
| 775 | 08|tHomeowner's inspection checklist / |w(CaOODSP)9.647825 |
| 776 | 0#|tGuide d'inspection pour le propriétaire-occupant |w(CaOODSP)9.856106 |